Tâm lý học quản lý : (Lưu hành nội bộ)
Đã lưu trong:
| Hovedforfatter: | |
|---|---|
| Format: | Bog |
| Sprog: | Undetermined |
| Udgivet: |
Thành phố Hồ Chí Minh
Nhà xuất bản Thành phố Hồ Chí Minh
1997
|
| Fag: | |
| Tags: |
Tilføj Tag
Ingen Tags, Vær først til at tagge denne postø!
|
| Thư viện lưu trữ: | Trung tâm Học liệu Trường Đại học Cần Thơ |
|---|
| LEADER | 00621nam a2200193Ia 4500 | ||
|---|---|---|---|
| 001 | CTU_28723 | ||
| 008 | 210402s9999 xx 000 0 und d | ||
| 082 | |a 302 | ||
| 082 | |b Ng121 | ||
| 100 | |a Phan, Thị Kim Ngân | ||
| 245 | 0 | |a Tâm lý học quản lý : | |
| 245 | 0 | |b (Lưu hành nội bộ) | |
| 245 | 0 | |c Phan Thị Kim Ngân | |
| 260 | |a Thành phố Hồ Chí Minh | ||
| 260 | |b Nhà xuất bản Thành phố Hồ Chí Minh | ||
| 260 | |c 1997 | ||
| 650 | |a Social interaction,Social psychology | ||
| 904 | |i Giang sửa | ||
| 980 | |a Trung tâm Học liệu Trường Đại học Cần Thơ | ||